000
00343nam a22001457a 4500
003
OSt
008
201118b ||||| |||| 00| 0 eng d
100
_a
THERJA, B. L.
245
_a
Basic Electronics : Solid State
250
_a
1st ed
260
_a
New Delhi
_b
S Chand
_c
2018
300
_a
715
650
_a
B.Sc Non Medical
942
_2
ddc
_c
BK
999
_c
9148
_d
9148